000 01145nam a2200313 a 4500
001 000109189
003 CHAP
005 20250913062744.0
008 140409s2013 mx sm |||||||spa d
010 _a105651
011 _a106623
040 _cCHAP
090 _aTesis
100 1 _aSantos Torres, Linda Talia
_9126348
245 1 0 _aCaracterísticas edáficas y rendimiento del cultivo de maíz en tres sistemas de labranza en el Décimo Segundo Año de tratamiento
_h[En línea]
_cpor Linda Talia Santos Torres.
260 _aChapingo, Méx. :
_bEl autor,
_c2013.
500 _aPara ver el contenido del material haga clic en la liga
502 _aTesis (Ing. Agr. Esp. en Fitotecnia) -- UACH. Fitotecnia
590 _aBATCH-UPD
_b05
_c20141002
_lUCH01
_h0900
590 _aE5765TAJ
_b05
_c20140409
_lUCH01
_h0915
590 _aE5765TAJ
_b05
_c20140409
_lUCH01
_h0915
650 1 7 _aLabranza
_xEfecto en suelos
_2
_964305
650 1 4 _aMaíz
_xRendimiento.
_971051
650 1 4 _aSuelos
_xFertilidad.
_9110367
856 _aFinding aid
_uhttp://10.13.5.2/tesis/sist109189.pdf
_zTeclea aquí
901 _aBK
942 _cTESIS
942 _n0
999 _c105651
_d105651